Kultúra a klíma inovácie

Filozofia firmy Sony v oblasti uvádzania inovovaných výrobkov na trh. vedenie spoločnosti, inovovanie a poverenie. prípadová štúdia: Spoločnosť 3M. Vymedzenie zmysluplných "hraníc konania". Definovanie miery tolerovania rizika. Zaangažovanosť/zainteresovanosť štruktúr. Prípadová štúdia Pacific Weste...

ver descrição completa

Na minha lista:
Detalhes bibliográficos
Autor principal: Luknič, Arnold Steve
Formato: Capítulo de Livro
Idioma:eslovaco
Assuntos:
Tags: Adicionar Tag
Sem tags, seja o primeiro a adicionar uma tag!

MARC

LEADER 00000naa a2200000 4500
001 r046523
005 20231002121506.9
041 0 |a slo 
044 |a SK 
245 1 0 |a Kultúra a klíma inovácie  |c Arnold Steve Luknič 
520 |a Filozofia firmy Sony v oblasti uvádzania inovovaných výrobkov na trh. vedenie spoločnosti, inovovanie a poverenie. prípadová štúdia: Spoločnosť 3M. Vymedzenie zmysluplných "hraníc konania". Definovanie miery tolerovania rizika. Zaangažovanosť/zainteresovanosť štruktúr. Prípadová štúdia Pacific Western Airlines (PWA) - kultúra poverenia a tvorivosti. 
610 2 0 |a inovácia výrobkov 
610 2 0 |a výrobky nové 
610 2 0 |a stratégia inovačná 
610 2 0 |a stratégia podniková 
610 2 0 |a kultúra podniková 
610 2 0 |a práca tímová 
610 2 0 |a práca tvorivá 
610 2 0 |a štúdie prípadové 
610 2 0 |a Sony 
100 1 |a Luknič, Arnold Steve